Blokada i kontroblokada : bor'ba na okeanskomorskich soobščenijach vo vtoroj mirovoj vojne /

Uložené v:
Podrobná bibliografia
Hlavný autor: Belli, Vladimir Aleksandrovič (Author)
Médium: Kniha
Jazyk:Russian
Vydané: Moskva : Nauka, 1967.
Vydanie:1. izd.
Edícia:Vtoraja mirovaja vojna v issledovanijach, vospominanijach, dokumentach
ISBN: (viaz.)
Fyzický popis: 766 s. : mp.
Tagy: Pridať tag
Žiadne tagy, Buďte prvý kto otaguje tento záznam!

MARC

LEADER 00000nam a2200000 4500
001 000100521
005 20100130222326.0
008 940126s1967 ru rus d
020 |a (viaz.) 
040 |a SVKKK  |b slo  |c SVKKK  |e AACR2 
041 0 |a rus 
044 |a ru  |c RU 
245 0 0 |a Blokada i kontroblokada :  |b bor'ba na okeanskomorskich soobščenijach vo vtoroj mirovoj vojne /  |c V. A. Belli ... [et al.] ; red. V. P. Bogolepov. 
250 |a 1. izd. 
260 |a Moskva :  |b Nauka,  |c 1967. 
300 |a 766 s. :  |b mp. 
490 1 |a Vtoraja mirovaja vojna v issledovanijach, vospominanijach, dokumentach 
700 1 |a Belli, Vladimir Aleksandrovič  |4 aut 
700 1 |a Bogolepov, V. P.  |4 red 
910 |a svkkk 
998 |a BK 
090 |g SCKHL  |k Sklad Pribinova 2. posch.  |a III.94765  |j 402454  |i 100521-10  |4 Zastaraná  |s Vyradená